000 00459nam a22001817a 4500
003 CEME
005 20210628201705.0
008 210201b xxu||||| |||| 00| 0 eng d
020 _a0-14--031183-1
040 _c.
082 _a823.008 BAK
100 _aBaker, Alan
_956360
245 _aThe battle of bubble and squeak
260 _aNEW YORK
_bAWARD PUBLICATION
_c1978
300 _a96P
650 _aENGLISH LITERATURE-FICTION
_91857
942 _cBK
_2ddc
999 _c566805
_d566805